000 00971nam a22001937a 4500
999 _c28963
_d28963
003 BDDh-ASL
005 20231015031004.0
008 211101s2017 b ||||| |||| 00| 0 b d
040 _cBDDh-ASL
082 _a910.35492
_bBAN
245 0 0 _aবাংলাদেশ জেলা গেজেটীয়ার: খুলনা /
246 _aBangladesh District Gazetteer: Khulna
260 _aঢাকা:
_bসংস্থাপন মন্ত্রণালয়, গণপ্রজাতন্ত্রী বাংলাদেশ সরকার,
_c২০১৭।
300 _a৬০১ পৃষ্ঠা, :
_bছবি ও ম্যাপ;
_c২৩ সে. মি.
650 0 _95558
_aDistrict Gazetteer (জেলা গেজেটীয়ার)
651 0 _94429
_aখুলনা (Khulna)
_zবাংলাদেশ (Bangladesh)
700 1 _96279
_aচৌধুরী, কামাল আবদুল নাসের
_cড.
942 _2ddc
_cBK